00634 2200229 4500001002100000005001700021008004100038020002200079035002500101082001200126090002100138100001800159245006900177250000600246260003500252300002500287650002500312700001900337850001200356990001800368990001800386YOGYA-0411000000143020150624103133.0 ind  a978-979-002-149-5 a0010-041100000001430 a639.543 aQ 639.543bLuk P aLukito, Agung aPanduan lengkap lobster air Tawar /cAgung Lukito, Surip Prayugo a1 aJakartabPenebar Swadayac2007 a290 hlmbilusc26 cm aLobster-pemeliharaan aPrayugo, Surip aYOPDYOG a52727-PD/B.10 a52729-PD/B.10